00568nam a2200193 a 4500001001300000003000900013005001700022008004100039020001000080082001700090100003100107245008100138260002400219300000900243500003500252505001700287650003900304700003100343nice12345678IN_TiNIC20260116012835.0050524s1986 gena grp 000 0 eng  ac10000a291.172bWCC aWorld Council Of, Churches aMy Neighbour`s Faith and Mineb Theological Discoveries Through Interfaith D aGeneva bWCC c1986 a52p. aincludes index and biblioraphy2 abibliography aReconciliation-Interfaith Dialogue1 aWorld Council Of, Churches